000 00358nam a2200133Ia 4500
008 220217s9999 xx 000 0 und d
100 _aRamakrishnan, A.
245 0 _aCrop insurance in rubber plantations
260 _bKerala Agricultural University
_a Thrissur
_c1991
300 _a33
500 _aCourse: PGDNRP
700 _aDr V Haridasan
942 _cTS
999 _c74465
_d74465